[Event "Wroclaw op-B 7th"]
[Site "Wroclaw"]
[Date "2012.07.08"]
[Round "7"]
[White "Kanicki, Krzysztof"]
[Black "Tkachev, Taras"]
[Result "0-1"]
[WhiteElo "1860"]
[BlackElo "1997"]
[PlyCount "78"]
[EventDate "2012.07.02"]
[EventType "swiss"]
[EventRounds "9"]
[EventCountry "POL"]
[SourceTitle "EXT 2013"]
[Source "ChessBase"]
[SourceDate "2012.11.22"]
[SourceVersion "1"]
[SourceVersionDate "2012.11.22"]
[SourceQuality "1"]

1. e4 b6 2. d4 Bb7 3. Bd3 d5 4. e5 e6 5. f4 c5 6. c3 f5 7. exf6 Nxf6 8. Nf3 Nbd7 9. 0-0 Ne4 10. Bxe4 dxe4 11. Ng5 Qf6 12. Nd2 0-0-0 13. Ndxe4 Qg6 14. Ng3 h6 15. Nf3 Be7 16. Be3 h5 17. Qb1 Qg4 18. Ne4 h4 19. h3 Qh5 20. Rf2 Nf6 21. Nxf6 gxf6 22. b4 Rhg8 23. Kh2 Rg3 24. bxc5 Rdg8 25. Qf1 bxc5 26. Rb1 Qg6 27. Rxb7 Kxb7 28. Qb5+ Kc7 29. Qa5+ Kc8 30. Nxh4 Rxh3+ 31. Kg1 Rxh4 32. Qa6+ Kd8 33. Qc6 Qb1+ 34. Rf1 Rh1+ 35. Kxh1 Qxf1+ 36. Kh2 Rh8+ 37. Kg3 Qe1+ 38. Kf3 Rh3+ 39. gxh3 Qh1+ 0-1

[Event "St Petersburg Autumn op"]
[Site "St Petersburg"]
[Date "2010.10.23"]
[Round "8"]
[White "Tkachev, Taras"]
[Black "Tarasov, Ilya"]
[Result "1-0"]
[WhiteElo "2032"]
[BlackElo "1889"]
[PlyCount "57"]
[EventDate "2010.10.16"]
[EventType "swiss"]
[EventRounds "9"]
[EventCountry "RUS"]
[SourceTitle "EXT 2011"]
[Source "ChessBase"]
[SourceDate "2010.11.26"]
[SourceVersion "1"]
[SourceVersionDate "2010.11.26"]
[SourceQuality "1"]

1. d4 Nf6 2. Nf3 d6 3. Nbd2 Nbd7 4. e4 e5 5. c3 g6 6. Bd3 Bg7 7. 0-0 0-0 8. Qc2 c6 9. Re1 Qc7 10. a4 Re8 11. Rb1 a5 12. b3 Nf8 13. Ba3 exd4 14. cxd4 Nh5 15. Nc4 d5 16. Nd6 Rd8 17. Nxc8 Raxc8 18. e5 Nf4 19. Bf1 Qd7 20. h3 h6 21. Kh2 b6 22. Qd2 Qf5 23. g4 Qe4 24. Rxe4 dxe4 25. Qxf4 exf3 26. Bxf8 Bxf8 27. Bc4 Rc7 28. Kg1 b5 29. e6 1-0

[Event "St Petersburg Autumn op"]
[Site "St Petersburg"]
[Date "2010.10.21"]
[Round "6"]
[White "Tkachev, Taras"]
[Black "Gerasimov, Aleksander"]
[Result "1-0"]
[WhiteElo "2032"]
[BlackElo "2264"]
[PlyCount "73"]
[EventDate "2010.10.16"]
[EventType "swiss"]
[EventRounds "9"]
[EventCountry "RUS"]
[SourceTitle "EXT 2011"]
[Source "ChessBase"]
[SourceDate "2010.11.26"]
[SourceVersion "1"]
[SourceVersionDate "2010.11.26"]
[SourceQuality "1"]

1. d4 Nf6 2. Nf3 g6 3. Nbd2 Bg7 4. e4 d6 5. c3 0-0 6. Bd3 Bg4 7. 0-0 e5 8. Qc2 Nbd7 9. Re1 Nh5 10. h3 Bxf3 11. Nxf3 c5 12. dxe5 Nxe5 13. Nxe5 Bxe5 14. Be3 Qd7 15. Rad1 Nf4 16. Bf1 Rac8 17. g3 Nh5 18. f4 Bh8 19. Bf2 Qc7 20. Rd2 Ng7 21. Red1 Ne8 22. Bb5 Rd8 23. e5 Qc8 24. Bf1 Qc7 25. Kh2 f6 26. exd6 Rxd6 27. Qb3+ Kg7 28. Rxd6 Nxd6 29. Qd5 Nf7 30. Qxc5 Qb8 31. Rd7 b6 32. Qd5 Qe8 33. Bc4 h6 34. Rxa7 g5 35. f5 h5 36. Rxf7+ Rxf7 37. Qxf7+ 1-0

[Event "RUS-chB U14"]
[Site "Dagomys"]
[Date "2009.04.22"]
[Round "8"]
[White "Tkachev, Taras"]
[Black "Nazarov, Ilya"]
[Result "1-0"]
[WhiteElo "1966"]
[BlackElo "1859"]
[PlyCount "129"]
[EventDate "2009.04.15"]
[EventType "swiss"]
[EventRounds "9"]
[EventCountry "RUS"]
[SourceTitle "EXT 2012"]
[Source "ChessBase"]
[SourceDate "2011.11.24"]
[SourceVersion "1"]
[SourceVersionDate "2011.11.24"]
[SourceQuality "1"]

1. d4 Nf6 2. c4 g6 3. Nc3 Bg7 4. Nf3 0-0 5. g3 d6 6. Bg2 c6 7. 0-0 Qb6 8. e4 Bg4 9. Rb1 a5 10. Be3 Qc7 11. Qc2 Bxf3 12. Bxf3 Nbd7 13. Rfd1 e5 14. c5 exd4 15. cxd6 Qxd6 16. Rxd4 Qe7 17. Rbd1 Ne5 18. Be2 Rfd8 19. Rxd8+ Rxd8 20. h3 Rxd1+ 21. Qxd1 Ned7 22. f3 Qe6 23. Kg2 b5 24. a3 Ne8 25. Qd2 Nd6 26. Nd1 Ne5 27. Qxa5 h5 28. Qd2 Nec4 29. Bxc4 Nxc4 30. Qd8+ Kh7 31. Bd4 Be5 32. f4 Bg7 33. Nf2 Nd6 34. Bxg7 Kxg7 35. e5 Nc4 36. Ne4 Ne3+ 37. Kf2 Nd5 38. Kg2 Ne3+ 39. Kf3 Nf5 40. Qd3 Ne7 41. g4 hxg4+ 42. hxg4 Nd5 43. Qd4 Ne7 44. Nc3 Kh7 45. a4 bxa4 46. Qxa4 Kg7 47. Qd4 Kg8 48. Qc5 Kg7 49. b4 Qd7 50. Qd6 Qb7 51. Ke3 Nc8 52. Qd4 Kf8 53. Ne4 Ne7 54. Nf6 Kg7 55. e6 Kf8 56. Nd7+ Kg8 57. Nf6+ Kf8 58. Qd8+ Kg7 59. Ne8+ Kh7 60. exf7 Nd5+ 61. Qxd5 Qe7+ 62. Qe5 Qxf7 63. Nf6+ Kg7 64. Ne4+ Kg8 65. Qc3 1-0

[Event "RUS-chB U14"]
[Site "Dagomys"]
[Date "2009.04.21"]
[Round "7"]
[White "Gabdullin, Mikhail"]
[Black "Tkachev, Taras"]
[Result "1/2-1/2"]
[WhiteElo "1942"]
[BlackElo "1966"]
[PlyCount "40"]
[EventDate "2009.04.15"]
[EventType "swiss"]
[EventRounds "9"]
[EventCountry "RUS"]
[SourceTitle "EXT 2012"]
[Source "ChessBase"]
[SourceDate "2011.11.24"]
[SourceVersion "1"]
[SourceVersionDate "2011.11.24"]
[SourceQuality "1"]

1. d4 d5 2. Nf3 Nf6 3. c4 c6 4. Nc3 a6 5. cxd5 cxd5 6. Bf4 Nc6 7. e3 g6 8. Bd3 Bg7 9. 0-0 0-0 10. Rc1 Bg4 11. h3 Bxf3 12. Qxf3 e6 13. Na4 Nd7 14. Bd6 Re8 15. Qe2 Nb6 16. Nxb6 Qxb6 17. Bc5 Qc7 18. f4 Bf8 19. Bxf8 Rxf8 20. Rc5 Rac8 1/2-1/2

[Event "St Petersburg March op"]
[Site "St Petersburg"]
[Date "2009.04.09"]
[Round "9"]
[White "Malinicheva, Lidia"]
[Black "Tkachev, Taras"]
[Result "1/2-1/2"]
[WhiteElo "2024"]
[BlackElo "1966"]
[PlyCount "111"]
[EventDate "2009.03.30"]
[EventType "swiss"]
[EventRounds "9"]
[EventCountry "RUS"]
[SourceTitle "EXT 2012"]
[Source "ChessBase"]
[SourceDate "2011.11.24"]
[SourceVersion "1"]
[SourceVersionDate "2011.11.24"]
[SourceQuality "1"]

1. d4 d5 2. Nf3 Nf6 3. Bg5 e6 4. Nbd2 Nbd7 5. e3 Bd6 6. Bd3 0-0 7. c3 c5 8. 0-0 Qc7 9. Bxf6 Nxf6 10. e4 dxe4 11. Nxe4 Nxe4 12. Bxe4 g6 13. Qe2 Bd7 14. Rfd1 Rfd8 15. Rac1 Rac8 16. h3 a6 17. dxc5 Bxc5 18. Rd2 Bb5 19. c4 Rxd2 20. Qxd2 Rd8 21. Qe2 Bc6 22. Bxc6 Qxc6 23. a3 a5 24. Rd1 Rxd1+ 25. Qxd1 a4 26. Ne5 Qc7 27. Nd7 Be7 28. Qxa4 Kg7 29. Qb5 f6 30. g3 Kf7 31. b4 Bd6 32. Kg2 Ke7 33. Nb6 Be5 34. c5 Qd8 35. c6 bxc6 36. Qxc6 Bc7 37. Nc4 f5 38. b5 f4 39. b6 Bb8 40. g4 h5 41. a4 hxg4 42. hxg4 Qd1 43. Qb7+ Kf6 44. Qf3 Qxa4 45. Nd2 Qb4 46. Ne4+ Ke7 47. Qe2 Qxb6 48. g5 Qc6 49. f3 Be5 50. Qa2 Bd4 51. Qb3 e5 52. Nf6 Kd6 53. Qd3 Qc1 54. Qa6+ Qc6 55. Qd3 Qc1 56. Qa6+ 1/2-1/2

[Event "St Petersburg March op"]
[Site "St Petersburg"]
[Date "2009.04.03"]
[Round "5"]
[White "Kudriavtsev, Yury"]
[Black "Tkachev, Taras"]
[Result "1/2-1/2"]
[WhiteElo "1915"]
[BlackElo "1966"]
[PlyCount "128"]
[EventDate "2009.03.30"]
[EventType "swiss"]
[EventRounds "9"]
[EventCountry "RUS"]
[SourceTitle "EXT 2012"]
[Source "ChessBase"]
[SourceDate "2011.11.24"]
[SourceVersion "1"]
[SourceVersionDate "2011.11.24"]
[SourceQuality "1"]

1. e4 d5 2. exd5 Qxd5 3. Nc3 Qa5 4. d4 Nf6 5. Bd2 c6 6. Nf3 Qc7 7. h3 Bf5 8. Ne5 e6 9. g4 Bg6 10. h4 Nbd7 11. Nxd7 Qxd7 12. Be3 h6 13. a3 0-0-0 14. Be2 Qc7 15. Qc1 Bd6 16. Rh3 e5 17. h5 Bh7 18. b4 Kb8 19. Qb2 Rhe8 20. 0-0-0 Nd5 21. b5 Qa5 22. Nb1 exd4 23. bxc6 b6 24. Qxd4 Nxe3 25. Rxe3 Rxe3 26. Qxe3 Qa4 27. Qb3 Qxc6 28. Nc3 Rc8 29. Bd3 Bxd3 30. Rxd3 Be5 31. Nd1 Bf4+ 32. Ne3 Bxe3+ 33. Rxe3 Qf6 34. Rf3 Qg5+ 35. Kb1 Rd8 36. Qxf7 Rd1+ 37. Ka2 Qxg4 38. Qg8+ Kb7 39. Qf7+ Rd7 40. Qf5 Qc4+ 41. Kb2 Qd4+ 42. Ka2 Rc7 43. Qd3 Qc5 44. Qe4+ Kb8 45. Kb2 Qb5+ 46. Ka2 Qc5 47. Kb2 b5 48. Rb3 Re7 49. Qf3 a6 50. Qf8+ Ka7 51. Rc3 Qe5 52. Qc8 Rb7 53. Qc5+ Qxc5 54. Rxc5 Rf7 55. Re5 Kb6 56. Re6+ Kc5 57. Rxa6 Rxf2 58. Rg6 Rh2 59. Rxg7 Rxh5 60. Rc7+ Kd4 61. c3+ Ke4 62. Kb3 Re5 63. c4 bxc4+ 64. Rxc4+ Kf3 1/2-1/2

[Event "St Petersburg March op"]
[Site "St Petersburg"]
[Date "2009.03.30"]
[Round "1"]
[White "Tkachev, Taras"]
[Black "Salov, Vitaly V"]
[Result "1/2-1/2"]
[WhiteElo "1966"]
[BlackElo "2141"]
[PlyCount "142"]
[EventDate "2009.03.30"]
[EventType "swiss"]
[EventRounds "9"]
[EventCountry "RUS"]
[SourceTitle "EXT 2012"]
[Source "ChessBase"]
[SourceDate "2011.11.24"]
[SourceVersion "1"]
[SourceVersionDate "2011.11.24"]
[SourceQuality "1"]

1. Nf3 Nc6 2. g3 e5 3. d3 d5 4. Bg2 f5 5. 0-0 Nf6 6. Re1 Bc5 7. e3 e4 8. Nfd2 0-0 9. a3 Ng4 10. b4 Bd6 11. Bb2 Qg5 12. Nf1 Be6 13. Nbd2 Rae8 14. c4 Nce5 15. Bxe5 Bxe5 16. d4 Bf6 17. c5 h5 18. Qe2 h4 19. Nb3 hxg3 20. fxg3 Kf7 21. h3 Nh6 22. Qf2 c6 23. Nc1 Qh5 24. Qe2 Qg6 25. a4 Bd7 26. b5 Kg8 27. Rb1 Bd8 28. Qd2 Qf7 29. Ne2 g5 30. Nh2 Bc7 31. Rf1 Qh5 32. bxc6 Bxc6 33. Kh1 Qg6 34. Rg1 Rf6 35. h4 gxh4 36. gxh4 Bxh2 37. Kxh2 Ng4+ 38. Kh1 Qh6 39. Nf4 Qxh4+ 40. Bh3 Rh6 41. Qe1 Re7 42. Qxh4 Rxh4 43. Kg2 Rg7 44. Bxg4 Rhxg4+ 45. Kf2 Rxg1 46. Rxg1 Rxg1 47. Kxg1 a5 48. Kf2 Kf7 49. Ke2 Kf6 50. Kf2 Kg5 51. Kg3 Bxa4 52. Nxd5 Bb3 53. Nc3 a4 54. Nb5 Bc4 55. Na3 Bd3 56. d5 Kf6 57. Kf4 Ba6 58. c6 b5 59. Nc2 Ke7 60. Kxf5 Kd6 61. Kxe4 Kc5 62. Ke5 b4 63. Nxb4 Kxb4 64. d6 a3 65. d7 a2 66. d8Q a1Q+ 67. Qd4+ Qxd4+ 68. exd4 Kb5 69. Kd6 Kb6 70. d5 Bc8 71. Ke5 Kc7 1/2-1/2

[Event "St Petersburg op"]
[Site "St Petersburg"]
[Date "2009.01.03"]
[Round "1"]
[White "Tkachev, Taras"]
[Black "Nikitinyh, Boris Aleksandrovic"]
[Result "0-1"]
[WhiteElo "1964"]
[BlackElo "2217"]
[PlyCount "120"]
[EventDate "2009.01.03"]
[EventType "swiss"]
[EventRounds "9"]
[EventCountry "RUS"]
[SourceTitle "EXT 2010"]
[Source "ChessBase"]
[SourceDate "2010.11.25"]
[SourceVersion "1"]
[SourceVersionDate "2010.11.25"]
[SourceQuality "1"]

1. d4 Nf6 2. c4 d6 3. Nf3 Bg4 4. e3 Nbd7 5. Be2 e6 6. Nc3 Be7 7. 0-0 0-0 8. b3 c5 9. Bb2 a6 10. Qc2 Qa5 11. d5 exd5 12. Nxd5 Nxd5 13. cxd5 Bf6 14. Ng5 Bxg5 15. Bxg4 Qd8 16. Qf5 Bf6 17. Qxd7 Bxb2 18. Qxd8 Raxd8 19. Rab1 Be5 20. Rfd1 f5 21. Be2 b5 22. g3 Rb8 23. a3 a5 24. a4 bxa4 25. bxa4 Rb4 26. Bb5 g6 27. Rdc1 Ra8 28. Kf1 Kf8 29. Ke2 Ke7 30. Rxb4 axb4 31. Rb1 Kd8 32. Kd3 Kc7 33. Kc4 Kb6 34. Rc1 Ra7 35. Rc2 Bf6 36. Kb3 Re7 37. Bc4 Ka5 38. Ra2 g5 39. Re2 g4 40. Re1 Re5 41. h3 h5 42. hxg4 fxg4 43. Re2 Rf5 44. Rd2 h4 45. gxh4 Bxh4 46. f4 gxf3 47. Rh2 Bf6 48. Rf2 Bh4 49. Rh2 f2 50. Rxh4 f1Q 51. Bxf1 Rxf1 52. Rh6 Rc1 53. Rxd6 c4+ 54. Kb2 Re1 55. Rc6 c3+ 56. Kb3 Rb1+ 57. Kc2 Rb2+ 58. Kc1 Kxa4 59. Rc4 Kb3 60. Rd4 Ra2 0-1

[Event "Kiev Independence Cup-A 8th"]
[Site "Kiev"]
[Date "2008.08.16"]
[Round "4"]
[White "Tkachev, Taras"]
[Black "Kabachenko, Marina"]
[Result "1-0"]
[WhiteElo "1991"]
[BlackElo "1920"]
[PlyCount "55"]
[EventDate "2008.08.13"]
[EventType "swiss"]
[EventRounds "11"]
[EventCountry "UKR"]
[SourceTitle "CBM 126 Extra"]
[Source "ChessBase"]
[SourceDate "2008.11.05"]
[SourceVersion "1"]
[SourceVersionDate "2008.11.05"]
[SourceQuality "1"]

1. d4 d5 2. b4 Nf6 3. Nf3 a5 4. b5 e6 5. e3 c5 6. dxc5 Bxc5 7. a4 Ne4 8. Bb2 0-0 9. Bd3 Nd6 10. 0-0 Nd7 11. Nbd2 b6 12. Nd4 Bb7 13. f4 Nf6 14. Rf3 Nde4 15. Rh3 Qd6 16. N2f3 Ng4 17. Bxe4 dxe4 18. Ng5 Nxe3 19. Rxe3 Qxf4 20. Rg3 e5 21. Qh5 Qf5 22. Rf1 Qg6 23. Qh4 Bxd4+ 24. Bxd4 exd4 25. Nxf7 Qe6 26. Rf6 Qd7 27. Rxg7+ Kxg7 28. Qg5# 1-0

[Event "Kiev Independence Cup-A 8th"]
[Site "Kiev"]
[Date "2008.08.15"]
[Round "3"]
[White "Dolzhikova, Kateryna"]
[Black "Tkachev, Taras"]
[Result "1-0"]
[WhiteElo "2339"]
[BlackElo "1991"]
[PlyCount "101"]
[EventDate "2008.08.13"]
[EventType "swiss"]
[EventRounds "11"]
[EventCountry "UKR"]
[SourceTitle "CBM 126 Extra"]
[Source "ChessBase"]
[SourceDate "2008.11.05"]
[SourceVersion "1"]
[SourceVersionDate "2008.11.05"]
[SourceQuality "1"]

1. e4 d5 2. exd5 Qxd5 3. Nc3 Qa5 4. d4 Nf6 5. Bd2 c6 6. Nf3 Bf5 7. Bc4 Qc7 8. Ne5 e6 9. g4 Bg6 10. h4 Nbd7 11. Bf4 Bd6 12. Qe2 b5 13. Bxe6 0-0-0 14. Bxd7+ Nxd7 15. Nxg6 hxg6 16. Bxd6 Qxd6 17. 0-0-0 Qf4+ 18. Qe3 Qxe3+ 19. fxe3 Nf6 20. Rdg1 b4 21. Ne2 Rde8 22. Rh3 g5 23. h5 Re4 24. Rf3 Rhe8 25. h6 Rxe3 26. Rxe3 Rxe3 27. Kd2 Re8 28. hxg7 Rg8 29. Rf1 Ne4+ 30. Kd3 Nd6 31. Rf6 Kd7 32. Ng3 Ke7 33. Nh5 Ne8 34. Rxc6 Nxg7 35. Rc7+ Ke6 36. Nxg7+ Rxg7 37. Rxa7 Rh7 38. Rb7 Rh3+ 39. Ke4 Rh2 40. Rb6+ Ke7 41. Rxb4 Rxc2 42. Kf5 Rf2+ 43. Kxg5 f6+ 44. Kg6 Rg2 45. d5 Kd6 46. Kxf6 Kxd5 47. g5 Rf2+ 48. Kg7 Ke6 49. g6 Rh2 50. a4 Rh5 51. Rb5 1-0

[Event "Kiev Independence Cup-A 8th"]
[Site "Kiev"]
[Date "2008.08.13"]
[Round "1"]
[White "Karnaukh, Anatolij"]
[Black "Tkachev, Taras"]
[Result "1-0"]
[WhiteElo "2269"]
[BlackElo "1991"]
[PlyCount "65"]
[EventDate "2008.08.13"]
[EventType "swiss"]
[EventRounds "11"]
[EventCountry "UKR"]
[SourceTitle "CBM 126 Extra"]
[Source "ChessBase"]
[SourceDate "2008.11.05"]
[SourceVersion "1"]
[SourceVersionDate "2008.11.05"]
[SourceQuality "1"]

1. Nf3 c5 2. c4 e6 3. Nc3 d5 4. cxd5 exd5 5. d4 Nf6 6. Bg5 Be6 7. e3 c4 8. Be2 Be7 9. 0-0 0-0 10. Ne5 Nbd7 11. f4 Bf5 12. g4 Be4 13. Bxf6 gxf6 14. Nxd7 Qxd7 15. Nxe4 dxe4 16. Bxc4 Kh8 17. Kh1 Rg8 18. Bxf7 Rxg4 19. d5 Rg7 20. Be6 Qb5 21. Qd2 Rd8 22. Rg1 Qe8 23. Rxg7 Kxg7 24. Rg1+ Kh8 25. Rg8+ Qxg8 26. Bxg8 Rxg8 27. Qd4 a6 28. Qxe4 Bc5 29. b4 Bd6 30. Qe6 Bxb4 31. Qxf6+ Rg7 32. d6 Kg8 33. Qd4 1-0

[Event "Kiev Independence Cup-A 8th"]
[Site "Kiev"]
[Date "2008.08.13"]
[Round "10"]
[White "Tchoubar, Vladimir"]
[Black "Tkachev, Taras"]
[Result "0-1"]
[WhiteElo "2217"]
[BlackElo "1991"]
[PlyCount "86"]
[EventDate "2008.08.13"]
[EventType "swiss"]
[EventRounds "11"]
[EventCountry "UKR"]
[SourceTitle "CBM 126 Extra"]
[Source "ChessBase"]
[SourceDate "2008.11.05"]
[SourceVersion "1"]
[SourceVersionDate "2008.11.05"]
[SourceQuality "1"]

1. d4 d5 2. Nf3 Nf6 3. Bg5 e6 4. Nc3 Be7 5. Bxf6 Bxf6 6. e4 dxe4 7. Nxe4 0-0 8. Qd2 Nd7 9. Bd3 b6 10. h4 Bb7 11. 0-0-0 Rc8 12. g4 c5 13. Nfg5 c4 14. Nxh7 cxd3 15. Qxd3 Bxe4 16. Qxe4 Re8 17. g5 Be7 18. g6 fxg6 19. h5 Bg5+ 20. f4 Nf6 21. Nxf6+ Bxf6 22. hxg6 Qd5 23. Qxd5 exd5 24. Rh5 Re2 25. c3 Rd8 26. Rd2 Rxd2 27. Kxd2 Kf8 28. Kc2 Ke7 29. Kb3 Kd6 30. Kb4 Kc6 31. a4 Re8 32. Rh2 a5+ 33. Kb3 Re3 34. Kc2 Rf3 35. Re2 Kd7 36. b4 axb4 37. cxb4 Rxf4 38. a5 bxa5 39. bxa5 Rxd4 40. Kb3 Re4 41. Rd2 d4 42. Kc4 Kc6 43. Rb2 d3+ 0-1

[Event "Kiev Independence Cup-A 8th"]
[Site "Kiev"]
[Date "2008.08.13"]
[Round "11"]
[White "Tkachev, Taras"]
[Black "Nogin, Nikolai"]
[Result "1/2-1/2"]
[WhiteElo "1991"]
[BlackElo "2305"]
[PlyCount "121"]
[EventDate "2008.08.13"]
[EventType "swiss"]
[EventRounds "11"]
[EventCountry "UKR"]
[SourceTitle "CBM 126 Extra"]
[Source "ChessBase"]
[SourceDate "2008.11.05"]
[SourceVersion "1"]
[SourceVersionDate "2008.11.05"]
[SourceQuality "1"]

1. f4 Nf6 2. Nf3 c5 3. g3 g6 4. Bg2 Bg7 5. 0-0 0-0 6. d3 d5 7. c3 Nc6 8. Qc2 d4 9. e4 dxe3 10. Bxe3 Qd6 11. Rd1 Nd5 12. Bf2 b6 13. Na3 Bb7 14. Nc4 Qc7 15. Nfd2 Rad8 16. Ne4 e6 17. Ne3 Nce7 18. Nxd5 exd5 19. Nd2 Nf5 20. Nf3 Rfe8 21. Re1 h5 22. Rxe8+ Rxe8 23. Re1 Rxe1+ 24. Nxe1 d4 25. c4 Bxg2 26. Nxg2 Qe7 27. Qd2 f6 28. Qe1 Kf7 29. Qxe7+ Kxe7 30. Kf1 g5 31. Ke2 Ke6 32. h3 Nh6 33. Be1 Bf8 34. Bd2 Kf5 35. Kf2 Bd6 36. b3 a6 37. a4 g4 38. h4 Ke6 39. Ne1 Nf5 40. Nc2 Kd7 41. Na3 Kc6 42. Kg2 Bc7 43. Kf2 Bd6 44. Kg2 Ne7 45. Kf2 Ng6 46. Kg2 Bb8 47. Kf2 Ne7 48. Ke2 Nf5 49. Kf2 Bc7 50. Kg2 Nd6 51. Kf2 b5 52. axb5+ axb5 53. Nxb5 Nxb5 54. cxb5+ Kxb5 55. Ke2 Ba5 56. Bc1 Bc3 57. Ba3 f5 58. Kd1 Bb4 59. Bb2 Ba5 60. Bc1 Bd8 61. Bd2 1/2-1/2

[Event "Pskov 5th op"]
[Site "Pskov"]
[Date "2008.06.27"]
[Round "6.9"]
[White "Lelis, Edgars"]
[Black "Tkachev, Taras"]
[Result "1-0"]
[WhiteElo "1900"]
[BlackElo "1986"]
[PlyCount "101"]
[EventDate "2008.06.22"]
[EventType "swiss"]
[EventRounds "9"]
[EventCountry "RUS"]
[SourceTitle "EXT 2022"]
[Source "ChessBase"]
[SourceDate "2021.10.06"]
[SourceVersion "1"]
[SourceVersionDate "2021.10.06"]
[SourceQuality "1"]

1. e4 d5 2. exd5 Qxd5 3. Nc3 Qa5 4. d4 Nf6 5. Nf3 c6 6. Bc4 Bf5 7. 0-0 e6 8. Re1 Bd6 9. d5 cxd5 10. Nxd5 Nxd5 11. Bxd5 Qc7 12. Bxb7 Bxh2+ 13. Nxh2 Qxb7 14. Qd6 Qd7 15. Qa3 Nc6 16. Be3 Rd8 17. Bc5 f6 18. c4 Kf7 19. Nf3 g5 20. b4 a6 21. b5 axb5 22. cxb5 Ne7 23. Nd4 Nd5 24. Qb3 Rc8 25. Rac1 Kg6 26. Red1 Rhd8 27. a4 Qb7 28. Nxf5 exf5 29. Be3 Rxc1 30. Bxc1 f4 31. a5 g4 32. a6 Qa8 33. Qd3+ f5 34. Qc2 Rc8 35. Qb3 Nf6 36. Bb2 Rf8 37. Rd6 Qe4 38. Qd1 g3 39. Bxf6 Rxf6 40. Rxf6+ Kxf6 41. Qa1+ Kg6 42. a7 Qe2 43. f3 Qe3+ 44. Kh1 Qe7 45. a8Q Qh4+ 46. Kg1 Qe7 47. Qc6+ Kh5 48. Qac1 h6 49. Qd5 Qa7+ 50. Kh1 Kg5 51. Qe5 1-0

[Event "St Petersburg Mai op"]
[Site "St Petersburg"]
[Date "2008.05.09"]
[Round "9"]
[White "Zhukov, Klim"]
[Black "Tkachev, Taras"]
[Result "1-0"]
[WhiteElo "2123"]
[BlackElo "1986"]
[PlyCount "49"]
[EventDate "2008.05.01"]
[EventType "swiss"]
[EventRounds "9"]
[EventCountry "RUS"]
[SourceTitle "CBM 124 Extra"]
[Source "ChessBase"]
[SourceDate "2008.07.03"]
[SourceVersion "1"]
[SourceVersionDate "2008.07.03"]
[SourceQuality "1"]

1. e4 d5 2. exd5 Qxd5 3. Nc3 Qa5 4. d4 Nf6 5. Nf3 Bg4 6. h3 Bh5 7. g4 Bg6 8. Ne5 c6 9. h4 Nbd7 10. Nc4 Qc7 11. h5 Be4 12. Nxe4 Nxe4 13. Qf3 Nd6 14. Bf4 b5 15. Nxd6+ exd6 16. 0-0-0 0-0-0 17. Bg2 Nb8 18. Rhe1 Be7 19. Qb3 Rhf8 20. d5 c5 21. Qxb5 g5 22. Bg3 a6 23. Qd3 h6 24. Qf5+ Qd7 25. Rxe7 1-0